Top 10 Biggest U.S. States Map - Statistics

General Stats
  • This quiz has been taken 22 times
  • The average score is 10 of 10
Answers on the Map
Answers color-coded by a green-red scale on the quiz's map according to % correct below.
 
Answer Stats
Answer % Correct
Alaska
100%
Arizona
100%
California
100%
Montana
100%
Oregon
100%
Wyoming
100%
Nevada
95%
New Mexico
95%
Texas
95%
Colorado
90%
No matching quizzes found
Score Distribution
Percent of People with Each Score
Percentile by Number Answered
Your Score History
You have not taken this quiz